Stati per importazioni di Armi - Statistics

Statistiche generali
  • Questo quiz è stato fatto 6 volte
  • Il punteggio medio è 9 su 10
Statistiche sulle risposte
Quota sull'import globale (%) Continente Nazione % Corretto
11 Asia Arabia Saudita
100%
5,4 Oceania Australia
100%
4,8 Asia Cina
100%
2,6 Asia Giappone
100%
11 Asia India
100%
3 Asia Pakistan
100%
4,1 Asia Corea del Sud
67%
5,7 Africa Egitto
67%
4,6 Asia Qatar
67%
2,8 Asia Emirati Arabi Uniti
50%
Nessun quiz corrispondente trovato
Distribuzione punteggi
Percentuale di utenti per punteggio
Percentile per numero di risposta
I tuoi punteggi nel tempo
Non hai fatto questo quiz